| 000 | 00636cam a2200253 i 4500 | ||
|---|---|---|---|
| 001 | 0000842 | ||
| 003 | DO-SdBNP | ||
| 005 | 20180216112318.0 | ||
| 007 | 0000842 | ||
| 008 | 100514s 1977 xxu a | |||| 000 f spa | ||
| 015 | _a | ||
| 017 |
_a _b |
||
| 020 | _a0590445103 | ||
| 035 | _a | ||
| 040 |
_aBPMSU _bspa _cBPMSU _e |
||
| 080 | _a | ||
| 100 | 1 | _aPinkwater, Daniel Manus | |
| 245 | 1 | 4 |
_aThe big orange splot / _cDaniel Manus Pinkwater. _h |
| 260 |
_aEstados Unidos : _bScholastic, _c[1977]. |
||
| 300 |
_a32 p. : _bil. _c19 cm. |
||
| 942 |
_2ddc _cBK |
||
| 945 | _aInventariado, 2018 /LP | ||
| 956 |
_aYLOCKWARD _b10 _cBPMSU |
||
| 999 |
_c12184 _d12184 |
||